| 000 | 00743nam a2200217 u 4500 | ||
|---|---|---|---|
| 001 | 61622 | ||
| 005 | 20180714063324.0 | ||
| 008 | 141103s2012 xxua r 000 0 spa d | ||
| 020 | _a978-1-1111-2982-8 | ||
| 041 | _aeng | ||
| 082 | 0 |
_a620.0045 _bKRU |
|
| 100 | 1 |
_aKrulikowski, Alex, _eautor |
|
| 245 | 1 | 0 |
_aFundamentals of geometric dimensioning and tolerancing : _bbased on ASMEY 14.5-2009 / _cAlex Krulikowski. |
| 250 | _a3rd. edition. | ||
| 264 | 1 |
_aUnited States of America : _bEffrective Training Inc., _c2012 |
|
| 300 |
_axiv, 418 páginas : _bilustraciones ; _c28 cm. |
||
| 336 |
_atexto _2rdacontent |
||
| 337 |
_asin mediación _2rdamedia |
||
| 338 |
_avolumen _2rdacarrier |
||
| 650 | 0 | _aTolerancia (Ingeniería) | |
| 999 |
_c61622 _d61622 |
||